[Event "Open Sport & Cultura A"]
[Site "Milano ITA"]
[Date "2010.02.13"]
[Round "3"]
[White "Krstic, Dragan"]
[Black "Rambaldi, Francesco"]
[Result "0-1"]
[WhiteElo "1768"]
[BlackElo "1901"]
[PlyCount "106"]
[EventDate "2010.02.12"]

1. e4 c5 2. Nf3 e6 3. Nc3 a6 4. a4 Qc7 5. Be2 d6 6. O-O Nf6 7. d4 cxd4 8. Nxd4
Be7 9. Be3 Nc6 10. Bf3 O-O 11. g3 Bd7 12. Bg2 Rac8 13. Rc1 Ne5 14. Rb1 Nc4 15.
Nde2 Nxe3 16. fxe3 Ng4 17. Qd3 Qc5 18. Rf3 Ne5 19. Qd4 Nxf3+ 20. Bxf3 Bf6 21.
Qxc5 dxc5 22. e5 Bxe5 23. Bxb7 Rb8 24. Bxa6 Rfd8 25. Bc4 Bc6 26. b3 Rd2 27. Rc1
Bxc3 28. Nxc3 Rg2+ 29. Kf1 Rxh2 30. Ne2 Rd8 31. Bd3 e5 32. e4 Kf8 33. Kg1 Rh6
34. Rf1 Ke7 35. a5 Bb7 36. Nc3 Ba6 37. Nd5+ Rxd5 38. exd5 Bxd3 39. cxd3 Ra6 40.
Ra1 Kd6 41. Kf2 Kxd5 42. Rd1 f5 43. Kf3 h5 44. Rd2 Kc6 45. Ke3 g5 46. b4 Kb5
47. Ra2 cxb4 48. Kd2 Rc6 49. Ra1 b3 50. a6 Rxa6 51. Rxa6 Kxa6 52. Kc3 Kb5 53.
Kxb3 f4 0-1

[Event "Open Sport & Cultura A"]
[Site "Milano ITA"]
[Date "2010.02.13"]
[Round "3"]
[White "Lanzani, Giuliano"]
[Black "Salvador, Roland"]
[Result "0-1"]
[WhiteElo "2002"]
[BlackElo "2472"]
[PlyCount "120"]
[EventDate "2010.02.12"]

1. e4 c5 2. Nf3 Nc6 3. d4 cxd4 4. Nxd4 e5 5. Nb5 d6 6. Be3 a6 7. N5c3 Nf6 8.
Be2 Be6 9. O-O Rc8 10. Nd2 b5 11. a4 b4 12. Nd5 Bxd5 13. exd5 Nxd5 14. Bxa6
Nxe3 15. fxe3 Rc7 16. Qg4 g6 17. Bb5 d5 18. Nf3 f5 19. Qg3 Bd6 20. Qg5 O-O 21.
Rfd1 Bc5 22. Qxd8 Bxe3+ 23. Kh1 Rxd8 24. Bxc6 Rxc6 25. Nxe5 Rxc2 26. Nd3 Rb8
27. a5 Ba7 28. Rac1 b3 29. h3 d4 30. Rxc2 bxc2 31. Rc1 Rb3 32. Rxc2 Rxd3 33.
Rc8+ Kf7 34. Rc7+ Ke6 35. Rxa7 Rb3 36. Ra6+ Kd7 37. Ra7+ Kc6 38. Rxh7 Rxb2 39.
Rh4 Kd5 40. Rh8 Ra2 41. Ra8 d3 42. Kh2 d2 43. Rd8+ Ke4 44. a6 Ke3 45. Re8+ Kf2
46. Rd8 Ke1 47. Re8+ Kf1 48. Rd8 Ke2 49. Re8+ Kd1 50. Re6 f4 51. Rxg6 f3 52.
Kg1 fxg2 53. h4 Kc1 54. Rc6+ Rc2 55. Rd6 d1=Q+ 56. Rxd1+ Kxd1 57. a7 Ra2 58.
a8=Q Rxa8 59. Kxg2 Ke2 60. Kg3 Ra4 0-1

[Event "Open Sport & Cultura A"]
[Site "Milano ITA"]
[Date "2010.02.13"]
[Round "3"]
[White "Lipari, Alberto"]
[Black "Veri', Giustino"]
[Result "0-1"]
[WhiteElo "1609"]
[BlackElo "1630"]
[PlyCount "68"]
[EventDate "2010.02.12"]

1. c4 Nf6 2. d4 g6 3. Nc3 d5 4. Bg5 Bg7 5. e3 O-O 6. Bd3 c6 7. h3 Qa5 8. Qc2
dxc4 9. Bxc4 Qxg5 10. f4 Qa5 11. O-O-O Nd5 12. Bxd5 cxd5 13. Nf3 Nc6 14. a3 e6
15. g4 Bd7 16. h4 Qd8 17. h5 Qf6 18. hxg6 fxg6 19. Qh2 Kf7 20. Nb5 Ke7 21. f5
exf5 22. Nc7 Qd6 23. Qxd6+ Kxd6 24. Rxh7 Kxc7 25. Rxg7 Rae8 26. Rd3 fxg4 27.
Ng5 Rf1+ 28. Kc2 Re7 29. Rxe7 Nxe7 30. e4 dxe4 31. Rc3+ Kd8 32. Nxe4 Bf5 33.
Re3 Rf4 34. Kd3 g3 0-1

[Event "Open Sport & Cultura A"]
[Site "Milano ITA"]
[Date "2010.02.13"]
[Round "3"]
[White "Lovati, Emilio"]
[Black "Bianchi, Paolo"]
[Result "1/2-1/2"]
[WhiteElo "1374"]
[BlackElo "1729"]
[PlyCount "41"]
[EventDate "2010.02.12"]

1. e4 d6 2. d4 Nf6 3. Nc3 g6 4. Nf3 Bg7 5. Be3 O-O 6. Qd2 c6 7. Be2 Nbd7 8.
O-O-O b5 9. Bd3 a5 10. h3 a4 11. Nb1 Bb7 12. g4 Qc7 13. g5 Nh5 14. Be2 Bh8 15.
h4 Nb6 16. Na3 Ba6 17. Ng1 Ng7 18. f4 Nc4 19. Nxc4 bxc4 20. Qc3 d5 21. e5
1/2-1/2

[Event "Open Sport & Cultura A"]
[Site "Milano ITA"]
[Date "2010.02.13"]
[Round "3"]
[White "Madaschi, Sergio"]
[Black "Primerano, Carlo"]
[Result "0-1"]
[WhiteElo "1587"]
[BlackElo "1734"]
[PlyCount "75"]
[EventDate "2010.02.12"]

1. d4 Nf6 2. c4 e6 3. Nf3 b6 4. e3 Bb7 5. Bd3 Be7 6. O-O O-O 7. Nc3 d6 8. b3
Nbd7 9. Bb2 e5 10. dxe5 dxe5 11. Nd2 Re8 12. Nde4 c5 13. Nxf6+ Nxf6 14. e4 Rc8
15. Qc2 Rc6 16. Nd5 Bf8 17. Rfe1 Nd7 18. Qe2 Rg6 19. Bc1 Bc8 20. h3 Nb8 21. Qf3
Nc6 22. Kh1 Nd4 23. Qd1 Qh4 24. Bf1 Qxf2 25. Be3 Qg3 26. Qd2 Qh4 27. Bf2 Qd8
28. Re3 Bd6 29. Rg3 Rxg3 30. Bxg3 Re6 31. Rc1 Rg6 32. Rc3 Qg5 33. Qf2 Be6 34.
Bh2 Qd8 35. Rg3 Qh4 36. Qe3 Qh6 37. Qxh6 Rxh6 38. Rc3 0-1

[Event "Open Sport & Cultura A"]
[Site "Milano ITA"]
[Date "2010.02.13"]
[Round "3"]
[White "Manini, Paolo"]
[Black "Gussoni, Paolo"]
[Result "1-0"]
[WhiteElo "1788"]
[BlackElo "1626"]
[PlyCount "65"]
[EventDate "2010.02.12"]

1. d4 d5 2. c4 c6 3. Nf3 Nf6 4. Nc3 dxc4 5. a4 Bf5 6. e3 e6 7. Bxc4 Bb4 8. O-O
Qa5 9. Qb3 Nd5 10. e4 Nxc3 11. exf5 Nd5 12. fxe6 fxe6 13. Ng5 b5 14. Bd3 Kd7
15. Nf7 Rf8 16. Ne5+ Kc7 17. Bxh7 Nd7 18. Qg3 Bd6 19. Qxg7 Bxe5 20. dxe5 bxa4
21. b3 Qc3 22. Ba3 c5 23. Bxc5 Qxc5 24. Rxa4 Ne3 25. b4 Qc4 26. Rfa1 Qd4 27.
fxe3 Qxe3+ 28. Kh1 a5 29. Qe7 Qf4 30. Qd6+ Kd8 31. Qd3 Rc8 32. Rd1 Rc1 33.
Qxd7# 1-0

[Event "Open Sport & Cultura A"]
[Site "Milano ITA"]
[Date "2010.02.13"]
[Round "3"]
[White "Margstahler, Francesco"]
[Black "Penna, Tommaso"]
[Result "1-0"]
[WhiteElo "1836"]
[BlackElo "1707"]
[PlyCount "71"]
[EventDate "2010.02.12"]

1. e4 Nf6 2. Nc3 d5 3. exd5 Nxd5 4. Nf3 Bg4 5. d4 Nxc3 6. bxc3 Qd5 7. Be2 Nc6
8. O-O O-O-O 9. c4 Qd7 10. d5 Bxf3 11. Bxf3 Ne5 12. Rb1 Nxc4 13. Bg4 e6 14. Bg5
Be7 15. dxe6 Qxd1 16. Rbxd1 f6 17. Bf4 Kb8 18. Rfe1 Rhe8 19. Rd7 Bd6 20. Rxd8+
Rxd8 21. Bxd6 Nxd6 22. e7 Rh8 23. Bd7 Ne8 24. Rd1 Nd6 25. Rxd6 cxd6 26. e8=Q+
Rxe8 27. Bxe8 Kc7 28. Bf7 Kc6 29. c4 Kc5 30. Kf1 b5 31. cxb5 Kxb5 32. Ke2 a5
33. Kd3 Kc5 34. h4 d5 35. h5 h6 36. g4 1-0

[Event "Open Sport & Cultura A"]
[Site "Milano ITA"]
[Date "2010.02.13"]
[Round "3"]
[White "Martinez, Rolly"]
[Black "Curtacci, Sergio"]
[Result "1-0"]
[WhiteElo "2423"]
[BlackElo "1974"]
[PlyCount "84"]
[EventDate "2010.02.12"]

1. e4 c5 2. Nf3 d6 3. c3 Nf6 4. h3 Nc6 5. Bd3 a6 6. O-O e5 7. Bc2 Be7 8. d4 Qc7
9. Nbd2 b5 10. Re1 O-O 11. Nf1 Re8 12. Ne3 Bf8 13. Nd5 Qd8 14. Bg5 Be7 15.
Nxe7+ Qxe7 16. a4 Bd7 17. dxe5 Nxe5 18. Nxe5 dxe5 19. Bxf6 gxf6 20. axb5 axb5
21. Qh5 Rxa1 22. Rxa1 Qd6 23. Bd1 Qb6 24. Bg4 Be6 25. Re1 Kh8 26. Re3 Rg8 27.
Bxe6 Qxe6 28. Rd3 b4 29. Rd5 bxc3 30. bxc3 c4 31. Kh2 Qb6 32. Qf3 Rd8 33. Qe3
Qb8 34. Qc5 Rxd5 35. Qxd5 Kg7 36. Qxc4 Qb2 37. Qc5 Qb1 38. Qe3 Qb7 39. Qd3 Kh6
40. h4 Kg7 41. Qc4 Qb6 42. Qd3 Qxf2 1-0

[Event "Open Sport & Cultura A"]
[Site "Milano ITA"]
[Date "2010.02.13"]
[Round "3"]
[White "Olivieri, Alessandro"]
[Black "Mariucci, Felice"]
[Result "1-0"]
[WhiteElo "1936"]
[BlackElo "1744"]
[PlyCount "87"]
[EventDate "2010.02.12"]

1. d4 Nf6 2. c4 e6 3. Nc3 Bb4 4. e3 b6 5. Nge2 Bb7 6. a3 Bxc3+ 7. Nxc3 d6 8.
Bd3 Nbd7 9. O-O O-O 10. b4 Re8 11. e4 e5 12. d5 Nf8 13. Be2 Ng6 14. g3 Bc8 15.
Bf3 h6 16. Be3 Bh3 17. Bg2 Qc8 18. f3 Bxg2 19. Kxg2 Qd8 20. Rc1 a5 21. Rf2 axb4
22. axb4 Ra3 23. Ra2 Rxa2+ 24. Nxa2 Qa8 25. Qb3 Nd7 26. Nc3 Ne7 27. Rc2 f5 28.
Ra2 Qb8 29. Nb5 fxe4 30. fxe4 Nf6 31. Qc2 Ng6 32. Ra7 Rc8 33. Qd3 h5 34. Bg5
Nh7 35. Qe3 c6 36. dxc6 Rxc6 37. Bh6 Nf4+ 38. gxf4 gxh6 39. Qg3+ Ng5 40. fxg5
h4 41. Qxh4 Rxc4 42. Qg4 Rc2+ 43. Kh3 Qd8 44. Qe6+ 1-0

[Event "Open Sport & Cultura A"]
[Site "Milano ITA"]
[Date "2010.02.13"]
[Round "3"]
[White "Petetta, Roberto"]
[Black "Brociner, Beniamino"]
[Result "0-1"]
[WhiteElo "1649"]
[BlackElo "1866"]
[PlyCount "70"]
[EventDate "2010.02.12"]

1. e4 c5 2. Nf3 d6 3. d4 cxd4 4. Nxd4 Nf6 5. Nc3 a6 6. Bg5 e6 7. f3 Nbd7 8. Bc4
Qc7 9. Bb3 b5 10. a3 Bb7 11. O-O Be7 12. Qd2 O-O 13. Bxe6 fxe6 14. Nxe6 Qc6 15.
Nxf8 Rxf8 16. Rfe1 Ne5 17. Rad1 Nc4 18. Qc1 Qc5+ 19. Be3 Nxe3 20. Qxe3 Qxe3+
21. Rxe3 d5 22. b4 dxe4 23. Nxe4 Nd5 24. Red3 Nb6 25. Nd6 Ba8 26. Re1 Bf6 27.
Ne4 Bd8 28. Nc5 Nd5 29. Re6 Nf4 30. Rxa6 Nxd3 31. cxd3 Bf6 32. Rd6 Re8 33. Ne4
Bb2 34. Ra6 Bb7 35. Rb6 Bd4+ 0-1

[Event "Open Sport & Cultura A"]
[Site "Milano ITA"]
[Date "2010.02.13"]
[Round "3"]
[White "Ramella, Stefano"]
[Black "Baccarin, Stefano"]
[Result "0-1"]
[WhiteElo "1775"]
[BlackElo "1799"]
[PlyCount "64"]
[EventDate "2010.02.12"]

1. e4 c5 2. Nf3 d6 3. d4 cxd4 4. Nxd4 Nf6 5. Nc3 a6 6. Be2 e5 7. Nb3 Be6 8. Be3
Be7 9. O-O O-O 10. f3 Nbd7 11. f4 Qc7 12. f5 Bc4 13. Rf3 b5 14. a3 Nb6 15. Rg3
Kh8 16. Nd2 d5 17. Nxc4 Nxc4 18. Bxc4 dxc4 19. h4 Bc5 20. Qe2 Rad8 21. Qf2 Bxe3
22. Qxe3 Rg8 23. Rh3 Rd4 24. h5 Qc5 25. Re1 Ng4 26. Qg5 Rxe4+ 27. Ree3 Rxe3 28.
Kf1 Rxh3 29. Qxg4 Rh1+ 30. Ke2 Qg1 31. Ne4 Qe1+ 32. Kf3 Rf1+ 0-1

[Event "Open Sport & Cultura A"]
[Site "Milano ITA"]
[Date "2010.02.20"]
[Round "3"]
[White "Rizzi, Domenico"]
[Black "Colombo, Luca"]
[Result "0-1"]
[WhiteElo "1659"]
[BlackElo "1874"]
[PlyCount "130"]
[EventDate "2010.02.12"]

1. e4 c5 2. Nf3 d6 3. d4 cxd4 4. Nxd4 Nf6 5. Nc3 g6 6. Be3 Bg7 7. f3 O-O 8. Qd2
Nc6 9. O-O-O Bd7 10. g4 Rc8 11. h4 Ne5 12. Be2 Qa5 13. Kb1 b5 14. h5 b4 15. Nd5
Nxd5 16. exd5 Qxd5 17. Qxb4 Rb8 18. Qa3 Qb7 19. Nb3 Rfc8 20. Ba6 Nc4 21. Bxc4
Rxc4 22. Qxa7 Qc8 23. Bd4 Ra4 24. Na5 Ra8 25. Qb7 R4xa5 26. Qxc8+ Bxc8 27. hxg6
hxg6 28. Bxg7 Kxg7 29. a3 Be6 30. Rhe1 Rb8 31. Re3 Rab5 32. b4 Rc8 33. Kb2 Kf6
34. Rd4 Re5 35. Rdd3 Rxe3 36. Rxe3 Rc4 37. Rd3 Kg5 38. b5 Rc5 39. a4 f5 40. Re3
Kf6 41. g5+ Kf7 42. b6 Bd5 43. c3 Ke8 44. Ka3 Kd7 45. Kb4 e5 46. a5 Kc6 47. Rd3
Rb5+ 48. Ka4 Bb3+ 49. Ka3 Bc4 50. Rd2 Rb3+ 51. Ka4 Rxc3 52. Kb4 Rd3 53. Rc2 d5
54. Rb2 Kb7 55. Kc5 Ra3 56. Kd6 e4 57. fxe4 dxe4 58. Rc2 Rd3+ 59. Ke5 Rd5+ 60.
Kf6 Rc5 61. Ke7 Rc6 62. Rd2 Bd3 63. Kd7 Rc2 64. Rd1 f4 65. Rh1 Ra2 0-1

[Event "Open Sport & Cultura A"]
[Site "Milano ITA"]
[Date "2010.02.13"]
[Round "3"]
[White "Ruggeri, Igor"]
[Black "Pili, Giangiuseppe"]
[Result "1/2-1/2"]
[WhiteElo "1468"]
[BlackElo "1669"]
[PlyCount "78"]
[EventDate "2010.02.12"]

1. d4 Nf6 2. c4 e6 3. Nc3 Bb4 4. Bd2 b6 5. Nf3 Bb7 6. e3 O-O 7. Bd3 Bxc3 8.
Bxc3 Ne4 9. Bxe4 Bxe4 10. O-O d6 11. Nd2 Bd3 12. Re1 f5 13. f4 d5 14. Qf3 c6
15. cxd5 exd5 16. Qg3 Re8 17. Nf3 Nd7 18. Ng5 Nf6 19. Rad1 Be4 20. Nxe4 Nxe4
21. Qh3 Qd7 22. Re2 Rf8 23. Be1 Rf6 24. Qf3 a5 25. Rc2 b5 26. Rdc1 Rh6 27. a3
Ra6 28. b4 a4 29. g3 Nd6 30. Bc3 Nc4 31. Bb2 Ra8 32. Re1 Re8 33. Bc1 Re4 34.
Rg2 Rh3 35. Rge2 Qe8 36. Kg2 Rh6 37. Rh1 Rhe6 38. Kf2 Qg6 39. h3 h5 1/2-1/2

[Event "Open Sport & Cultura A"]
[Site "Milano ITA"]
[Date "2010.02.13"]
[Round "3"]
[White "Sanchez, Joseph"]
[Black "Ranfagni, Stefano"]
[Result "1-0"]
[WhiteElo "2490"]
[BlackElo "2007"]
[PlyCount "49"]
[EventDate "2010.02.12"]

1. e4 e5 2. d4 exd4 3. Qxd4 Nc6 4. Qe3 Bb4+ 5. c3 Ba5 6. Qg3 Qf6 7. Bf4 d6 8.
Nd2 Be6 9. Ngf3 h6 10. h4 Nge7 11. h5 O-O-O 12. Bb5 Bd7 13. Nc4 a6 14. Nxa5
Nxa5 15. Bd3 Rhe8 16. O-O Qe6 17. b4 Nc4 18. Nd4 Qf6 19. Bxc4 g5 20. hxg6 Nxg6
21. Bxh6 Qh8 22. Bxf7 Rg8 23. Bg5 Qh7 24. Bxg8 Rxg8 25. f4 1-0

[Event "Open Sport & Cultura A"]
[Site "Milano ITA"]
[Date "2010.02.13"]
[Round "3"]
[White "Stanzani, Maurizio"]
[Black "Reale, Simone"]
[Result "0-1"]
[WhiteElo "1657"]
[BlackElo "1868"]
[PlyCount "38"]
[EventDate "2010.02.12"]

1. d4 Nf6 2. c4 e5 3. d5 Bc5 4. Nc3 d6 5. h3 Bf5 6. e3 O-O 7. Nge2 Nbd7 8. Ng3
Bg6 9. Qb3 h5 10. h4 Ng4 11. Nce4 f5 12. Ng5 f4 13. f3 fxg3 14. fxg4 Qf6 15.
Nf3 hxg4 16. Ng5 Bb4+ 17. Kd1 Qxf1+ 18. Rxf1 Rxf1+ 19. Ke2 Re1# 0-1

[Event "Open Sport & Cultura A"]
[Site "Milano ITA"]
[Date "2010.02.13"]
[Round "3"]
[White "Vezzosi, Paolo"]
[Black "Orsi, Matteo"]
[Result "1-0"]
[WhiteElo "2370"]
[BlackElo "1950"]
[PlyCount "59"]
[EventDate "2010.02.12"]

1. d4 c6 2. c4 d5 3. e3 Nf6 4. Nf3 a6 5. a4 e6 6. Nc3 c5 7. cxd5 exd5 8. Be2
Nc6 9. O-O Be7 10. b3 O-O 11. Ba3 Ne4 12. Rc1 Be6 13. dxc5 Bxc5 14. Bxc5 Nxc5
15. Nb5 Ne4 16. Nbd4 Nxd4 17. Nxd4 Rc8 18. Bd3 Nf6 19. b4 Rxc1 20. Qxc1 Ng4 21.
Be2 Nf6 22. Qb2 Qd6 23. a5 b5 24. axb6 Qxb6 25. Ra1 Bd7 26. Rxa6 Qb7 27. Qa3 h6
28. b5 Ne4 29. Ra7 Qc8 30. b6 1-0

[Event "Open Sport & Cultura A"]
[Site "Milano ITA"]
[Date "2010.02.14"]
[Round "4"]
[White "Alidosi, Marco"]
[Black "Lovati, Emilio"]
[Result "1/2-1/2"]
[WhiteElo "1774"]
[BlackElo "1374"]
[PlyCount "78"]
[EventDate "2010.02.12"]

1. d4 d5 2. c4 c6 3. cxd5 cxd5 4. Nf3 Nf6 5. Nc3 e6 6. Bf4 Nc6 7. e3 Bb4 8. a3
Bxc3+ 9. bxc3 O-O 10. Bd3 Bd7 11. Qc2 Re8 12. Ne5 Ne7 13. h3 a6 14. Bg5 Bb5 15.
Bxb5 axb5 16. Bxf6 gxf6 17. Ng4 Ng6 18. O-O f5 19. Nh2 Qd6 20. Qb2 Ra5 21. f4
Qe7 22. Nf3 Rea8 23. Rfb1 Rxa3 24. Rxa3 Rxa3 25. Qc1 Ra5 26. Qd2 Qd8 27. Qe2
Qb6 28. h4 h5 29. Ne5 Qa6 30. Qxh5 Ra1 31. Qd1 Rxb1 32. Qxb1 Nxh4 33. Qe1 Ng6
34. Nd3 b6 35. Nb4 Qc8 36. Kf2 Kg7 37. Ke2 Ne7 38. Qg3+ Ng6 39. Kd2 Kf6 1/2-1/2

[Event "Open Sport & Cultura A"]
[Site "Milano ITA"]
[Date "2010.02.14"]
[Round "4"]
[White "Astengo, Marcello"]
[Black "Bonavoglia, Marco"]
[Result "1-0"]
[WhiteElo "2104"]
[BlackElo "1859"]
[PlyCount "63"]
[EventDate "2010.02.12"]

1. d4 d5 2. c4 e5 3. dxe5 d4 4. Nf3 Nc6 5. g3 f6 6. exf6 Nxf6 7. Bg2 Bg4 8. O-O
Qd7 9. Re1 O-O-O 10. Nbd2 Bh3 11. Bh1 h5 12. a3 h4 13. b4 hxg3 14. hxg3 Ng4 15.
Qa4 Qe8 16. Nb3 Qh5 17. Bg5 Bd6 18. c5 Be5 19. b5 Nxf2 20. Kxf2 Bd7 21. Bh4
Rdf8 22. Bg2 g5 23. Rh1 gxh4 24. bxc6 Bxc6 25. Qxa7 Bxf3 26. Bxf3 hxg3+ 27. Kg2
Rxf3 28. exf3 Qg6 29. Rxh8+ Kd7 30. c6+ bxc6 31. Nc5+ Ke7 32. Ne4 1-0

[Event "Open Sport & Cultura A"]
[Site "Milano ITA"]
[Date "2010.02.14"]
[Round "4"]
[White "Bellia, Fabrizio"]
[Black "Sanchez, Joseph"]
[Result "1-0"]
[WhiteElo "2408"]
[BlackElo "2490"]
[PlyCount "107"]
[EventDate "2010.02.12"]

1. e4 d5 2. exd5 Qxd5 3. Nc3 Qa5 4. d4 Nf6 5. Nf3 c6 6. Bc4 Bf5 7. Bd2 e6 8.
Nd5 Qd8 9. Nxf6+ gxf6 10. Bb3 Nd7 11. Qe2 Qc7 12. O-O-O O-O-O 13. Nh4 Bg6 14.
g3 Kb8 15. Ng2 Nb6 16. Bf4 Bd6 17. Bxd6 Rxd6 18. h4 h6 19. h5 Bh7 20. Rh4 a5
21. a3 a4 22. Ba2 c5 23. dxc5 Rxd1+ 24. Qxd1 Qxc5 25. Ne3 Rc8 26. Rd4 Ka7 27.
c3 Rc6 28. Rd8 Be4 29. Qd4 Qxd4 30. Rxd4 f5 31. g4 e5 32. Rb4 f6 33. Nxf5 Bxf5
34. gxf5 Nd7 35. Rxa4+ Kb8 36. Rg4 Nc5 37. Kc2 Rd6 38. Bc4 e4 39. b4 Nd3 40.
Rxe4 Nxf2 41. Re8+ Ka7 42. Rh8 Ne4 43. Rxh6 Rd2+ 44. Kb3 Rf2 45. Be6 b5 46. Rh8
Nd2+ 47. Kc2 Nc4+ 48. Kd3 Nxa3 49. h6 Nc2 50. h7 Ne1+ 51. Kd4 Rh2 52. Bd5 Rh3
53. Ra8+ Kb6 54. Rb8+ 1-0

[Event "Open Sport & Cultura A"]
[Site "Milano ITA"]
[Date "2010.02.14"]
[Round "4"]
[White "Cannetta, Stefano"]
[Black "De Francisci, Lorenzo"]
[Result "1-0"]
[WhiteElo "1616"]
[BlackElo "1709"]
[PlyCount "49"]
[EventDate "2010.02.12"]

1. e4 e5 2. f4 exf4 3. Bc4 Be7 4. Nf3 Bh4+ 5. Kf1 d6 6. d4 Bg4 7. Bxf4 Nc6 8.
c3 Qf6 9. Be3 Qe7 10. Nbd2 Nf6 11. Bd3 Nd7 12. Qb3 Nb6 13. Ke2 O-O-O 14. Kd1 f5
15. Kc1 Rhf8 16. Nxh4 Qxh4 17. Nf3 Qe7 18. Bg5 Qf7 19. Qxf7 Rxf7 20. Bxd8 Nxd8
21. h3 fxe4 22. Bxe4 Bxf3 23. Bxf3 Ne6 24. Bg4 Kd7 25. Re1 1-0

[Event "Open Sport & Cultura A"]
[Site "Milano ITA"]
[Date "2010.02.14"]
[Round "4"]
[White "Cerioni, Armando"]
[Black "Manini, Paolo"]
[Result "1-0"]
[WhiteElo "1988"]
[BlackElo "1788"]
[PlyCount "113"]
[EventDate "2010.02.12"]

1. e4 c6 2. d4 d5 3. f3 e6 4. Nc3 Bb4 5. a3 Ba5 6. b4 Bc7 7. Be3 Qh4+ 8. Bf2
Qh6 9. Bd3 Ne7 10. Qe2 dxe4 11. fxe4 e5 12. Nf3 Bg4 13. Be3 Qh5 14. O-O-O Nd7
15. d5 Nb6 16. h3 Bxf3 17. gxf3 O-O-O 18. dxc6 Nxc6 19. Nb5 Bb8 20. Qf2 Nd4 21.
Nxd4 exd4 22. Bxd4 Qh6+ 23. Kb1 Na4 24. Bb5 Nb6 25. Rd3 Qg5 26. Rc3+ Bc7 27.
Bxb6 axb6 28. Qxb6 Qe5 29. Rc5 Kb8 30. Rxe5 Bxb6 31. Re7 f5 32. Rxg7 f4 33. Bd3
h5 34. Rh2 Rh6 35. Rhg2 Rdd6 36. Ka2 Bd4 37. Rg8+ Kc7 38. Kb3 Rc6 39. R2g5 b5
40. Rxb5 Rc3+ 41. Ka2 Ra6 42. Rc5+ Bxc5 43. Bxa6 Bd4 44. Bd3 Be3 45. Ra8 Rc6
46. Ra5 h4 47. Rh5 Bf2 48. Rf5 Be3 49. Kb3 Rg6 50. Rh5 Bf2 51. e5 Rg3 52. Rxh4
Rxf3 53. Rh7+ Kd8 54. e6 Re3 55. e7+ Rxe7 56. Rxe7 Kxe7 57. Be2 1-0

[Event "Open Sport & Cultura A"]
[Site "Milano ITA"]
[Date "2010.02.14"]
[Round "4"]
[White "Colombo, Luca"]
[Black "Lanzani, Giuliano"]
[Result "1-0"]
[WhiteElo "1874"]
[BlackElo "2002"]
[PlyCount "71"]
[EventDate "2010.02.12"]

1. e4 c5 2. Nc3 Nc6 3. g3 g6 4. d3 Bg7 5. Be3 d6 6. Bg2 e6 7. Qd2 Qb6 8. Nd1
Bd7 9. c3 Qc7 10. Ne2 Nge7 11. Bh6 Bxh6 12. Qxh6 O-O-O 13. d4 f5 14. O-O fxe4
15. dxc5 d5 16. Nd4 Nf5 17. Qd2 Ne5 18. b4 h5 19. Ne3 h4 20. a4 hxg3 21. fxg3
Nxe3 22. Qxe3 Rxh2 23. Qg5 Rdh8 24. Qe7 Nc6 25. Rf8+ Nd8 26. Raf1 R2h7 27. Qg5
e5 28. Nc2 Bxa4 29. Ne3 Bb3 30. R1f6 Rxf8 31. Rxf8 b6 32. Bf1 Qe7 33. Qg4+ Kb7
34. c6+ Kxc6 35. Qc8+ Qc7 36. Rf6+ 1-0

[Event "Open Sport & Cultura A"]
[Site "Milano ITA"]
[Date "2010.02.14"]
[Round "4"]
[White "Curtacci, Sergio"]
[Black "D'Urbino, Ilan"]
[Result "1-0"]
[WhiteElo "1974"]
[BlackElo "1742"]
[PlyCount "93"]
[EventDate "2010.02.12"]

1. d4 Nf6 2. Nf3 g6 3. Nbd2 c5 4. c3 d5 5. e3 Bf5 6. dxc5 Bg7 7. Nd4 O-O 8.
Nxf5 gxf5 9. Bd3 e6 10. O-O Nbd7 11. Nb3 Qc7 12. Nd4 Nxc5 13. Bc2 Kh8 14. f3
Rad8 15. Qe2 a6 16. Bd2 Nh5 17. f4 Nf6 18. Be1 Rc8 19. Rf3 Ne8 20. Rh3 Bxd4 21.
exd4 Ne4 22. Qh5 f6 23. Bxe4 dxe4 24. Bf2 Qf7 25. d5 Qxh5 26. Rxh5 Ng7 27. Rh6
exd5 28. Rd1 Rcd8 29. Bd4 Ne8 30. Rh5 Nd6 31. Bc5 Rfe8 32. Kf2 Nc4 33. Bd4 Kg7
34. Rxf5 Re6 35. Rg5+ Kf7 36. Rh5 Kg6 37. g4 e3+ 38. Ke2 Re4 39. b3 Nb2 40. Rf1
Rde8 41. Rxd5 Nd3 42. Kxd3 e2 43. Re1 Rxf4 44. Rxe2 Rxe2 45. Kxe2 Rxg4 46. Kf3
Rg1 47. Bxg1 1-0

[Event "Open Sport & Cultura A"]
[Site "Milano ITA"]
[Date "2010.02.14"]
[Round "4"]
[White "Del Noce, Roberto"]
[Black "Casale, Anania"]
[Result "0-1"]
[WhiteElo "1869"]
[BlackElo "1732"]
[PlyCount "48"]
[EventDate "2010.02.12"]

1. e4 c5 2. f4 d5 3. e5 Bf5 4. Nf3 e6 5. d4 Nc6 6. c3 cxd4 7. cxd4 Bb4+ 8. Nc3
Nge7 9. Bd2 O-O 10. a3 Ba5 11. b4 Bb6 12. Be3 a6 13. h3 Rc8 14. Rc1 Be4 15.
Nxe4 dxe4 16. Ng5 Nf5 17. Bf2 e3 18. Bh4 h6 19. Bd3 Nxh4 20. Bh7+ Kh8 21. Qh5
Nxg2+ 22. Kf1 Nxf4 23. Qf3 Qxg5 24. Rg1 e2+ 0-1

[Event "Open Sport & Cultura A"]
[Site "Milano ITA"]
[Date "2010.02.14"]
[Round "4"]
[White "Gussoni, Paolo"]
[Black "Chinnici, Giorgio"]
[Result "1/2-1/2"]
[WhiteElo "1626"]
[BlackElo "1719"]
[PlyCount "50"]
[EventDate "2010.02.12"]

1. d4 d5 2. Bf4 Bf5 3. e3 Nf6 4. Nf3 e6 5. Nbd2 Bd6 6. Bg5 Nbd7 7. c4 c6 8. Be2
O-O 9. O-O h6 10. Bh4 Re8 11. c5 Bc7 12. b4 e5 13. dxe5 Nxe5 14. Nd4 Bh7 15.
N2f3 Nxf3+ 16. Nxf3 g5 17. Bg3 Bxg3 18. hxg3 Ne4 19. Bd3 Qe7 20. Nd4 f5 21.
Bxe4 fxe4 22. a3 Rf8 23. Qg4 Rf6 24. Qe2 Qe5 25. a4 Raf8 1/2-1/2

[Event "Open Sport & Cultura A"]
[Site "Milano ITA"]
[Date "2010.02.14"]
[Round "4"]
[White "Guzzetti, Luigi Enrico"]
[Black "Ramella, Stefano"]
[Result "1-0"]
[WhiteElo "1887"]
[BlackElo "1775"]
[PlyCount "75"]
[EventDate "2010.02.12"]

1. e4 d6 2. d4 Nf6 3. Bd3 g6 4. Nf3 Bg7 5. O-O O-O 6. Re1 c5 7. c3 a6 8. a4 Nc6
9. d5 Ne5 10. Nxe5 dxe5 11. Nd2 Ne8 12. Nf1 Nd6 13. Be3 c4 14. Bc2 e6 15. Bc5
Qc7 16. Bxd6 Qxd6 17. dxe6 Qxe6 18. Ne3 b6 19. Nd5 Rd8 20. Qe2 Qd6 21. Qxc4 Be6
22. Rad1 f5 23. Qe2 Qc5 24. b4 Qf8 25. Nxb6 Rab8 26. a5 f4 27. f3 g5 28. Rxd8
Rxd8 29. Rd1 Rxd1+ 30. Qxd1 h5 31. Bb3 Bxb3 32. Qxb3+ Kh7 33. Qd5 g4 34. Qd7
gxf3 35. gxf3 Kh6 36. Nd5 Qg8 37. Ne7 Qa2 38. Nf5+ 1-0

[Event "Open Sport & Cultura A"]
[Site "Milano ITA"]
[Date "2010.02.14"]
[Round "4"]
[White "Kimbin, Richard Conrod"]
[Black "Baccarin, Stefano"]
[Result "1-0"]
[WhiteElo "1934"]
[BlackElo "1799"]
[PlyCount "79"]
[EventDate "2010.02.12"]

1. Nf3 Nf6 2. g3 g6 3. Bg2 Bg7 4. d3 O-O 5. e4 d6 6. c3 c5 7. O-O Nc6 8. Re1 h6
9. Nbd2 e5 10. Nf1 b5 11. d4 Qb6 12. d5 Ne7 13. a4 Bd7 14. axb5 Bxb5 15. N3d2
Nh5 16. Bf3 Nf6 17. Ne3 Qc7 18. Be2 Bxe2 19. Rxe2 Ne8 20. f4 f5 21. fxe5 Bxe5
22. Ndc4 Bg7 23. Ra6 fxe4 24. Ng4 h5 25. Nf2 Nf5 26. Nxe4 Rd8 27. Ng5 Nd4 28.
cxd4 Bxd4+ 29. Be3 Ng7 30. Bxd4 cxd4 31. Qxd4 Nf5 32. Qxa7 Qc5+ 33. Qxc5 dxc5
34. Rxg6+ Kh8 35. d6 Rd7 36. Re5 Rg7 37. Rxg7 Nxg7 38. Ne6 Nxe6 39. Rxe6 Rd8
40. Rh6+ 1-0

[Event "Open Sport & Cultura A"]
[Site "Milano ITA"]
[Date "2010.02.14"]
[Round "4"]
[White "Marchini, Daniele"]
[Black "Ruggeri, Igor"]
[Result "1-0"]
[WhiteElo "1802"]
[BlackElo "1468"]
[PlyCount "101"]
[EventDate "2010.02.12"]

1. d4 d5 2. c4 e6 3. Nc3 Nf6 4. Nf3 Bb4 5. e3 O-O 6. Bd3 dxc4 7. Bxc4 Bxc3+ 8.
bxc3 c5 9. Ba3 Ne4 10. Qc2 Qa5 11. Bb2 Nf6 12. O-O Nbd7 13. Rfe1 cxd4 14. exd4
Re8 15. Ne5 b5 16. Bd3 Nf8 17. Re3 Bb7 18. Rh3 Rad8 19. Bc1 h6 20. g4 Nd5 21.
g5 Rc8 22. gxh6 Rxc3 23. h7+ Nxh7 24. Bxh7+ Kf8 25. Rxc3 Nxc3 26. Bb2 b4 27.
Bxc3 bxc3 28. Nd7+ Ke7 29. Nc5 Bd5 30. Be4 Rh8 31. Bxd5 Qc7 32. Qxc3 Qxh2+ 33.
Kf1 exd5 34. Re1+ Kf8 35. Nd7+ Kg8 36. Re8+ Kh7 37. Qd3+ g6 38. Rxh8+ Kxh8 39.
Qf3 Kg7 40. Qxd5 Qh3+ 41. Ke2 Qg4+ 42. Ke3 Qh3+ 43. f3 Qh6+ 44. Kd3 Qh3 45. Ne5
Qf5+ 46. Kc3 Kg8 47. Qxf7+ Qxf7 48. Nxf7 Kxf7 49. Kc4 Kf6 50. Kc5 Kf7 51. d5
1-0